000
00280nam a2200097Ia 4500
008
201231s9999 xx 000 0 und d
100
_a
Harver Business Review
245
0
_a
Organizational Development Series Part III.
260
_a
Boston
_b
Harvard Business School Press
942
_c
BK
999
_c
10089
_d
10089